000 00982nam a2200265 i 4500
001 13768
003 ES-MaACL
005 20250731005546.0
007 t|
008 971110s1996 sp |||| | spa j
020 _a84-87661-87-4
080 _a351.814(100)
100 1 _aPeralta Losilla, Esteban.
_990386
245 1 3 _aLa política jurídica exterior de España en materia aeronáutica /
_cEsteban Peralta Losilla ; prólogo, Gilbert Guillaume.
260 _aMadrid :
_bMinisterio de Asuntos Exteriores,
_c1996.
300 _aXVI, 266 p. ;
_c25 cm.
490 1 _aBiblioteca diplomática española. Varios ;
_v4
504 _aBibliografía: p. 255-266.
650 1 4 _aTransportes aéreos-
_vTratados, convenios, etc.
_917630
700 1 _aGuillaume, Gilbert.
_960727
710 1 _aEspaña.
_bMinisterio de Asuntos Exteriores.
_93845
830 0 0 _aBiblioteca diplomática española.
_pVarios
_v4
_9179529
852 _aES-MaACL
_jL-21193
999 _c13768
_d13768